Advanced strength of materials (Record no. 6074)

000 -LEADER
fixed length control field 00525nam a2200193 4500
001 - CONTROL NUMBER
control field 6074
003 - CONTROL NUMBER IDENTIFIER
control field BD-DhHUET
008 - FIXED-LENGTH DATA ELEMENTS--GENERAL INFORMATION
fixed length control field 790809s1952 nyua 001 0 eng
020 ## - INTERNATIONAL STANDARD BOOK NUMBER
International Standard Book Number 070164002
040 ## - CATALOGING SOURCE
Original cataloging agency DLC
Transcribing agency DLC
Modifying agency BD-DhHUET
082 ## - DEWEY DECIMAL CLASSIFICATION NUMBER
Classification number 620.11
Item number DEN/1952
100 1# - MAIN ENTRY--PERSONAL NAME
Personal name Den Hartog, J. P.
245 10 - TITLE STATEMENT
Title Advanced strength of materials
Statement of responsibility, etc. by Den Hartog, J. P.
250 ## - EDITION STATEMENT
Edition statement 1st ed.
260 ## - PUBLICATION, DISTRIBUTION, ETC. (IMPRINT)
Place of publication, distribution, etc. New York
Name of publisher, distributor, etc. McGraw-Hill
Date of publication, distribution, etc. 1952
300 ## - PHYSICAL DESCRIPTION
Extent ix,379 p.
Other physical details illus.
Dimensions 24 cm.
650 #0 - SUBJECT ADDED ENTRY--TOPICAL TERM
Topical term or geographic name as entry element Strength of materials: engineering
942 ## - ADDED ENTRY ELEMENTS (KOHA)
Koha item type General Book
Holdings
Damaged status Date acquired Withdrawn status Koha date last seen Location (home branch) Source of classification or shelving scheme Price effective from Not for loan Koha item type Lost status Piece designation (barcode) Koha full call number Copy number Shelving location Sublocation or collection (holding branch) Koha normalized classification for sorting
 2014-11-30 2014-11-30Central Library, BUET 2014-11-30 General Book 87925620.11/DEN/19521Circulation sectionCentral Library, BUET620_000000000000000_11DEN1952
 2015-04-23 2015-04-23Central Library, BUET 2015-04-23 General Book 29906620.11/DEN/19522Circulation sectionCentral Library, BUET620_110000000000000_DEN_1952
 2015-04-23 2015-04-23Central Library, BUET 2015-04-23 General Book 29901620.11/DEN/19523Circulation sectionCentral Library, BUET620_110000000000000_DEN_1952
 2015-04-23 2015-04-23Central Library, BUET 2015-04-23 General Book 34760620.11/DEN/19524Circulation sectionCentral Library, BUET620_110000000000000_DEN_1952
 2015-04-23 2015-04-23Central Library, BUET 2015-04-23 General Book 29903620.11/DEN/19525Circulation sectionCentral Library, BUET620_110000000000000_DEN_1952
 2015-04-23 2015-04-23Central Library, BUET 2015-04-23 General Book 34761620.11/DEN/19526Circulation sectionCentral Library, BUET620_110000000000000_DEN_1952
 2015-04-23 2015-04-23Central Library, BUET 2015-04-23 General Book 29908620.11/DEN/19527Circulation sectionCentral Library, BUET620_110000000000000_DEN_1952
 2015-04-23 2015-04-23Central Library, BUET 2015-04-23 General Book 29905620.11/DEN/19528Circulation sectionCentral Library, BUET620_110000000000000_DEN_1952
 2015-04-23 2015-04-23Central Library, BUET 2015-04-23 General Book 29904620.11/DEN/19529Circulation sectionCentral Library, BUET620_110000000000000_DEN_1952
 2015-04-25 2015-04-25Central Library, BUET 2015-04-25 General Book 34762620.11/DEN/195210Circulation sectionCentral Library, BUET620_110000000000000_DEN_1952
 2015-04-25 2015-04-25Central Library, BUET 2015-04-25 General Book 29907620.11/DEN/195211Circulation sectionCentral Library, BUET620_110000000000000_DEN_1952